[Event "Candidates Tournament"]
[Site "Khanty-Mansiysk"]
[Date "2014.03.21"]
[Round "7"]
[White "Karjakin, Sergey"]
[Black "Aronian, Levon"]
[Result "0-1"]
[WhiteElo "2766"]
[BlackElo "2830"]
[Annotator "Stohl,I"]
[PlyCount "106"]
[EventDate "2014.03.13"]
[EventType "tourn"]
[EventRounds "14"]
[EventCountry "RUS"]
[EventCategory "21"]
[SourceTitle "CBM 160"]
[Source "ChessBase"]
[SourceDate "2014.05.15"]
[SourceVersion "1"]
[SourceVersionDate "2014.05.15"]
[SourceQuality "1"]

1. e4 e5 2. Nf3 Nc6 3. Bb5 Nf6 4. d3 Bc5 5. c3 O-O 6. O-O Re8 $5 ({The text
move has become a valid alternative to the more standard} 6... d6 {, actually}
7. Nbd2 Ne7 {was played in the same round! For more details see the notes to
Svidler-Anand, Candidates 2014 in CBM 160.}) 7. Nbd2 (7. Re1 a6 8. Ba4 b5 9.
Bb3 d6 10. Bg5 Be6 11. Nbd2 h6 12. Bh4 Bxb3 13. axb3 Nb8 14. h3 Nbd7 15. Nh2
Qe7 16. Ndf1 Bb6 17. Ne3 Qe6 18. b4 a5 19. bxa5 Bxa5 20. Nhg4 Bb6 21. Bxf6 Nxf6
22. Nxf6+ Qxf6 $11 {Anand,V (2775)-Carlsen,M (2870)/WCh Chennai/2013/ For more
details see the notes to this game in CBM 158.}) (7. Qe2 a6 8. Ba4 Bf8 $5 9.
Rd1 b5 10. Bc2 Bb7 (10... d5 $5 $13) 11. Bg5 h6 12. Bh4 d6 13. a4 Nb8 14. Na3 (
14. Nbd2 $142) 14... c6 15. d4 exd4 16. cxd4 Nbd7 17. e5 Qc7 18. Bg3 c5 $1 $132
19. axb5 cxd4 20. exd6 Bxd6 21. Qc4 Bxg3 22. hxg3 Qxc4 23. Nxc4 Bxf3 24. gxf3
axb5 25. Nd6 Rxa1 26. Rxa1 Re2 $11 {Svidler,P (2747)-Fressinet,L (2706)/Paris/
St Petersburg/2013/}) ({An interesting recent try is} 7. b4 $5 Bb6 (7... Bf8 8.
Bc4 d6 9. Ng5 Re7 10. Qb3 Qe8 11. a4 h6 12. Nf3 Be6 13. Nbd2 Rd8 14. Re1 g6 15.
a5 Bg7 (15... a6 $142 $14) 16. b5 Nb8 17. Ba3 Qd7 18. d4 Bxc4 19. Nxc4 $16 {
Ortiz Suarez,I (2601)-Alvarez Pedraza,A (2482)/Santa Clara/2014/}) 8. Bc4 d6 9.
a4 a6 10. Qb3 Be6 (10... Qe7 11. a5 Ba7 12. Be3 Be6 13. Nbd2 h6 14. Bxa7 Nxa7
15. Rfe1 Rad8 16. Bxe6 Qxe6 17. c4 Nc6 18. b5 Ne7 19. d4 exd4 20. Nxd4 Qd7 21.
Rab1 Ra8 22. Qc3 c6 23. bxc6 bxc6 24. c5 $14 {Kryvoruchko,Y (2696)-Harikrishna,
P (2709)/Bundesliga/2014/}) 11. Bxe6 Rxe6 12. a5 Ba7 13. Be3 h6 (13... Bxe3
$142 14. fxe3 d5 $132) 14. c4 Bxe3 15. fxe3 Ng4 16. Re1 Ne7 17. Nc3 Ng6 18. h3
Nf6 19. Ra2 c6 20. d4 exd4 21. exd4 Qd7 22. Rf2 $14 {Balogh,C (2632)-Stern,R 
(2513)/Bundesliga/2014/}) 7... a6 (7... Bf8 8. Re1 a6 9. Bxc6 bxc6 (9... dxc6
$142) 10. d4 exd4 11. cxd4 a5 12. b3 d5 $6 (12... Ba6 $132) 13. e5 Nd7 14. Qc2
Ra6 15. Nf1 c5 16. Bg5 Be7 17. Bxe7 Qxe7 18. Rac1 Bb7 19. Ng3 Qf8 20. Nh5 Rc6
21. Qd2 a4 22. Nf4 axb3 23. axb3 $36 {Svetushkin,D (2598)-Georgiev,K (2658)/
Roquetas de Mar/2012/}) 8. Bxc6 {It's more usual to retain the bishop.} ({
Even Karjakin used to play} 8. Ba4 b5 9. Bb3 (9. Bc2 d5 (9... h6 10. h3 d5 11.
Re1 Bf8 12. Nf1 Be6 13. exd5 Bxd5 14. Ng3 Qd6 15. Be3 Nb8 16. d4 exd4 17. Nf5
Qc6 18. N3xd4 Qb7 19. f3 Nbd7 20. Qd2 h5 21. Qf2 c5 22. Ne2 g6 23. Nfg3 Qc7 24.
Bf4 Qc6 25. Nf1 Bg7 $11 {Areshchenko,A (2708)-Leko,P (2737)/Kiev rpd/2013/})
10. exd5 Qxd5 11. Qe2 Bg4 12. Ne4 Nxe4 13. dxe4 Qd7 14. Be3 Bxe3 15. Qxe3 Na5
16. Bb3 Nxb3 17. axb3 a5 18. h3 Bh5 19. Rfd1 Qe6 20. g4 Bg6 21. Rd5 c6 22. Rxe5
Qxb3 23. Rxa5 Qxb2 $11 {Rozentalis,E (2622)-Lenic,L (2651)/AUT-chT/2014/}) 9...
d6 10. Re1 (10. a4 Rb8 11. axb5 axb5 12. Re1 Bb6 13. Nf1 Ne7 14. Nh4 Bg4 15.
Qc2 Ng6 16. Nxg6 hxg6 17. Be3 Be6 18. Bxe6 Rxe6 19. Bxb6 Rxb6 20. d4 d5 21.
exd5 Qxd5 22. dxe5 Rxe5 23. Rad1 Qe6 $11 {Karjakin,S (2782)-Leko,P (2737)/Kiev
rpd/2013/}) (10. h3 Be6 11. Re1 Bb6 12. Nf1 d5 13. Qe2 Na5 14. Bc2 dxe4 15.
dxe4 Bc4 16. Qd2 Bxf1 17. Rxf1 Qxd2 18. Nxd2 c5 19. Re1 c4 20. Nf3 {Fressinet,
L (2700)-Aronian,L (2815)/Beijing blitz/2012/} h6 $11) 10... Be6 11. Nf1 Bxb3
12. axb3 d5 (12... h6 13. Nh4 d5 14. Qf3 Nxe4 15. dxe4 Qxh4 16. exd5 e4 17. Qg3
Qxg3 18. Nxg3 Ne7 19. Rxe4 f5 20. Re6 Nxd5 21. Raxa6 f4 22. Rxa8 Rxa8 23. Nf1
Ra1 $44 {Polgar,J (2693)-Pashikian,A (2612)/EU-ch Yerevan/2014/}) 13. Qc2 h6
14. Ng3 a5 15. h3 Qd7 16. Be3 Bf8 $5 17. Rad1 Rad8 18. Nf5 Qe6 19. g4 dxe4 20.
dxe4 Ne7 21. Rxd8 Rxd8 22. Ra1 Ra8 23. c4 b4 24. g5 hxg5 25. Nxg5 Qc8 26. Nxe7+
Bxe7 27. Kh2 Ra6 $1 $15 {Radjabov,T (2793)-Aronian,L (2809)/London Candidates/
2013/ For more details see the notes to this game by Szabo in CBM 154.}) 8...
dxc6 (8... bxc6 9. Nxe5 $5 (9. d4 exd4 10. cxd4 Ba7 11. Qc2 a5 $13) 9... Rxe5
10. d4 $14) 9. Nc4 (9. Qc2 Nd7 10. Nc4 Bd6 11. Bg5 f6 12. Be3 Qe7 (12... Nf8
13. d4 exd4 14. Nxd4 Qe7 15. Nf5 Qxe4 16. Qxe4 Rxe4 17. Nfxd6 cxd6 18. Nxd6 Re7
19. Rfe1 Bg4 20. f3 Be6 21. b3 b5 22. Bc5 Rd7 {Van Kampen,R (2601)-Balogh,C 
(2648)/Zuerich/2013/} 23. f4 $14) 13. Nfd2 (13. b4 $5) 13... c5 14. Nxd6 Qxd6
15. Nb3 b6 16. d4 cxd4 17. cxd4 exd4 18. Nxd4 Ne5 19. f3 c5 20. Ne2 Qd3 $36 {
Bok,B (2540)-Hammer,J (2612)/London/2013/}) 9... Nd7 (9... Bg4 10. h3 Bh5 11.
Bg5 (11. g4 Nxg4 12. hxg4 Bxg4 $44) 11... h6 12. Bh4 g5 13. Bg3 Nd7 14. Bh2 b5
15. Ne3 Bxe3 16. fxe3 Qe7 17. Qc2 Bg6 18. a4 (18. c4 $142 $1) 18... c5 19. b4
c4 20. dxc4 bxc4 21. Nd2 Qe6 22. Qa2 f6 23. Qxc4 Qxc4 24. Nxc4 Bxe4 $36 {
[%csl Ge4,Rh2] Bok,B (2575)-Matlakov,M (2695)/EU-ch Yerevan/2014/}) 10. b4 (10.
Re1 Bf8 (10... a5 $5) 11. d4 exd4 12. cxd4 Nf6 13. Nce5 Be6 (13... Ng4 14. Nd3
Nf6 $132) (13... Nxe4 $5 14. Rxe4 f6 $13) 14. h3 Nd7 15. Nd3 f6 16. Qc2 Bf7 17.
Bd2 a5 18. b3 Ba3 19. Rad1 Nf8 20. Bc1 Bxc1 21. Nxc1 Qd7 22. Ne2 Bh5 23. Nh4
Qe7 24. f3 Bf7 25. Nc3 $14 {[%csl Gd4,Ge4] Alekseev,E (2683)-Godena,M (2526)/
EU Cup Eilat/2012/}) 10... Bd6 (10... Bf8 11. Bg5 f6 12. Be3 Nb8 13. Qc2 Be6
14. Nfd2 Nd7 15. Na5 (15. f4 exf4 16. Bxf4 c5 $132) 15... Qc8 16. Rfb1 Bf7 17.
a3 b6 18. Nab3 a5 19. Nc4 $6 (19. bxa5 bxa5 20. a4 $13) 19... a4 20. Nc1 f5 $5
21. exf5 Nf6 22. Ne2 Qxf5 23. Ng3 Qg6 24. Nd2 Rad8 $15 {Shomoev,A (2565)
-Goganov,A (2562)/Yekaterinburg/2013/}) 11. Qb3 $146 {A novelty, directed
against the consolidating f6. Other moves don't promise White anything
tangible:} (11. Bg5 f6 (11... Be7 12. Be3 Bf6 13. Qc2 Qe7 14. a4 Nf8 15. Nfd2
Ng6 16. Nb3 Bg5 17. Rae1 Bf4 18. f3 Be6 19. Bf2 Rad8 20. Nca5 Bc8 21. Nc5 {
Najer,E (2669)-Balogh,C (2605)/AUT-chT/2009/} Qg5 $1 $13 {/\} 22. Naxb7 Bxb7
23. Nxb7 Rxd3 $1 24. Qxd3 $2 Bxh2+ 25. Kxh2 Nf4 $19) 12. Be3 Nf8 13. Nfd2 (13.
Nh4 g6 14. Nxd6 cxd6 15. Qd2 d5 16. f3 Ne6 $11 {1/2, Palac,M (2571)-Balogh,C 
(2609)/BIH-chT Banja Vrucica/2009/}) 13... Be6 14. Nb3 Qd7 15. Qe2 Ng6 16. Rfd1
Bf8 17. Nc5 Bxc5 18. bxc5 f5 19. f3 Bxc4 20. dxc4 Qe6 $132 {Rublevsky,S (2693)
-Kurnosov,I (2660)/EU Cup Eilat/2012/}) (11. Be3 Nf8 12. Qc2 Ng6 13. a3 Be6 14.
Nxd6 cxd6 15. d4 Nh4 16. Nxh4 Qxh4 17. dxe5 dxe5 18. Bb6 Bc4 19. Rfd1 Re6 20.
Be3 Rd8 $11 {[%csl Gc4,Ge3] 1/2, Palac,M (2586)-Petkov,V (2493)/Zagreb/2011/})
11... Nf8 (11... Qe7 12. Bg5 Qe6 13. Be3 $14 {is perhaps slightly better for
White - Black prefer to keep e6 free for his bishop, or knight.}) (11... Qf6
12. Bg5 (12. Re1 Nb6 {Moradiabadi} 13. Na5 Bg4 $5 14. Nxb7 Bxf3 15. gxf3 Re6
$44)) 12. Bg5 Qd7 13. Be3 Ng6 14. Nfd2 (14. Rad1 $142 Qe7 15. h3 Be6 16. Qc2 {
[%cal Yc4a5]} b6 $5 (16... Rad8 17. Na5 Bc8 18. a4 $13 {/+/=}) 17. Nxd6 Qxd6
18. d4 Bc4 19. dxe5 Qe6 20. Rfe1 a5 $1 $132) 14... Bf8 15. d4 {More or less
forced due to White's previous move. While the central advance is one of
White's main ideas in the Exchange Ruy Lopez structures, here it doesn't
promise anything - due to White's b4 Black can more easily get rid of his
doubled c-pawns. Also White's queenside will be vulnerable (the c4-square).} (
15. Qc2 Rd8 $36) 15... Qe7 16. dxe5 {It's difficult for White to
advantageously retain the central tension:} (16. Qc2 exd4 17. cxd4 f5 $1 18.
exf5 Nh4 $15) 16... Be6 17. Qc2 Bxc4 18. Nxc4 Nxe5 19. Nd2 ({White should have
probably preferred to bale out with the simple} 19. Nxe5 $142 Qxe5 20. f3 Bd6 (
20... c5 $11) 21. g3 a5 22. Bd4 {and the position remains roughly equal. From
now on Aronian takes over the initiative.}) 19... a5 $1 20. a3 axb4 21. axb4
Qe6 {[%csl Rc4]} 22. f3 (22. Bd4 $5 Nc4 (22... Nd7 23. f4 c5 24. bxc5 Nxc5 25.
f5 Qc6 26. e5 $132) 23. Nxc4 Qxc4 24. Qd2 c5 $11 {/=/+} (24... Rxa1 25. Rxa1
Rxe4 26. Ra8 Re2 27. Bc5 $1 Qxc5 28. Qxe2 Qxc3 29. g3 Qxb4 30. Rd8 $44 {/+/=}))
22... Nc4 23. Bf4 (23. Bf2 $142 Bd6 24. Rfd1 {and Black is at best only
marginally better.}) 23... c5 (23... b5 $5 $15 {[%cal Yc6c5]} 24. Nb3 Qf6 $36)
24. b5 Nd6 25. Rxa8 ({White didn't have to give up the open file.} 25. Qb2 $142
$5) 25... Rxa8 26. Rb1 b6 $5 ({After} 26... Ra2 27. Rb2 (27. Qb3 Qxb3 28. Rxb3
b6 $15 {[%csl Rb5,Rc3]}) 27... Ra3 {White can consider} 28. b6 $5 {, therefore
Levon prevents this advance.}) 27. e5 $6 {Limits the bishop and further
weakens White's position.} (27. Qd3 $142 $15) 27... Nc4 28. Qe4 (28. Nxc4 Qxc4
29. Bg3 Ra3 $36) 28... Ra4 {[%cal Rc4d2]} 29. Rc1 (29. Nxc4 $2 Rxc4 30. Qe3 Qf5
$19) 29... h6 ({Black could have also played} 29... Nb2 $5 30. c4 Qd7 $36 {
immediately}) 30. h4 ({White doesn't need an airhole immediately,} 30. Bg3 $5
Nb2 31. Qc2 $15 {is more resilient.}) 30... Nb2 $1 31. c4 $8 Qd7 32. Rb1 (32.
Rc2 Nd3 $17) 32... Ra2 {[%cal Yd7d4]} (32... Nd3 $143 33. Be3 {We'll soon see
it's more flexible to keep the knight on b2 for the time being.}) 33. Be3 $6 (
33. Nb3 $142 $5 Nd3 (33... Nd1 34. Rc1 Rb2 35. Rc2 $1 {/\} Rxb3 36. Rd2 $11)
34. Bg3) 33... Na4 $1 {[%cal Ra4c3,Ra2d2]} 34. Rb3 $2 {Now Black's material
advantage will decide the issue.} (34. Re1 $142 Nc3 (34... Rxd2 35. e6 fxe6 36.
Bxd2 Qxd2 37. Qxe6+ Kh8 38. Qe8 Qd4+ 39. Re3 $1 $44) 35. Qg4 (35. e6 Qxe6 36.
Qd3 Qf6 $17) 35... Qd3 36. e6 Ne2+ 37. Kf2 Nd4 38. exf7+ Kxf7 39. Qd7+ Kg8 40.
Qd5+ Kh7 41. Qe4+ Qxe4 42. fxe4 Kg6 $17 {leads to a very unpleasant endgame,
but at least material remains equal for the time being.}) 34... Rxd2 35. Bxd2
Qxd2 36. Rd3 Qc1+ 37. Kh2 Nb2 $1 {Consistent, White's counterattack will be
insufficient.} 38. Rd8 (38. Rd7 Qxc4 39. Rxc7 Qxe4 40. fxe4 g6 $19) 38... Qxc4
39. Qa8 Qxh4+ 40. Kg1 Qe1+ 41. Kh2 Qxe5+ 42. g3 (42. Kh3 Kh7 43. Rxf8 Nd3 $40)
42... Qe2+ 43. Kh3 Nd3 $1 (43... Qe7 44. Re8 Qd6 45. Rd8 {can't save the piece,
so Black proceeds with his own attack.}) 44. Rxf8+ ({A more exciting try was} 
44. Re8 $5 Nf2+ 45. Kh4 Qf1 $1 (45... Qxb5 46. Rxf8+ Kh7 47. g4 Qc4 48. Kh5 $1
g6+ 49. Kh4 Qe6 50. Kg3 Nd3 51. Rh8+ Kg7 52. Qf8+ Kf6 53. Qd8+ Kg7 54. Qf8+ $11
) 46. Rxf8+ Kh7 47. Rh8+ Kg6 48. Qc6+ Kf5 49. g4+ Ke5 50. f4+ (50. Re8+ Kd4 51.
Qd7+ Kc3 52. Re3+ Nd3 $19) (50. Qxc7+ Kd4 51. Qf4+ (51. Qh2 Qe1 $5 (51... Nd3
52. Rd8+ Kc3 $19) 52. Ra8 Ne4+ 53. Kh3 Ng5+ $19) 51... Kc3 52. Qe5+ Kb3 $19)
50... Kxf4 51. Qxc7+ Ke3 52. Qg3+ Kd2 53. Qf4+ Kc2 54. Qf5+ Kc3 55. Qf3+ Kb4 {
and after the checks end, Black wins - e.g.} 56. Ra8 Qd3 $1 $19 {/\} 57. Qxf2
g5+ 58. Kh5 Qh3+) 44... Kh7 45. Re8 Nf2+ 46. Kh4 Qxb5 (46... Qf1 $5 {should
also win}) 47. g4 Qc4 $1 {[]} 48. Qc8 $6 {Simplifies Black's task.} ({After} 
48. Kh5 g6+ 49. Kh4 {Black has} Qd4 $19 {- in the previous note with White's
rook on f8 this move was impossible.}) (48. Rh8+ $142 Kg6 49. Qc6+ Qe6 50. Qxc7
(50. Qxe6+ fxe6 51. Rc8 Nd3 52. Rxc7 b5 $19) 50... Nd3 (50... c4 $5) (50... Qe1
51. Qc6+ f6 52. Qe8+ Qxe8 53. Rxe8 b5 54. Rd8 c4 $19) 51. Rd8 Kh7 $1 $19 {
and Black gradually converts -} 52. Rxd3 Qe1+ {[%cal Re1f1] wins the rook.})
48... Qf4 $19 {[%cal Rf4h2]} 49. Qf5+ (49. Rh8+ Kg6 50. Qf5+ Qxf5 51. gxf5+
Kxf5 $19) 49... Qxf5 50. gxf5 c4 51. Re7 (51. Kg3 Nd3 $19 {[%cal Rc4c1]}) 51...
c5 52. Rxf7 c3 53. f6 Kg6 $1 (53... Kg6 54. Rxg7+ Kxf6 55. Rg1 Nd3 56. Rg2 $8
b5 $19 {[%cal Rb5b3]}) 0-1